Sheffield Wednesday Trivia - Statistics

General Stats
  • This quiz has been taken 45 times
  • The average score is 9 of 15
Answer Stats
Question Answer % Correct
What is Sheffield Wednesday’s nickname? The {Owls}
100%
What is the name of Sheffield Wednesday’s stadium? Hillsborough Stadium
97%
Who is the current captain of Sheffield Wednesday? Barry Bannan
92%
With which club does Sheffield Wednesday contest the Steel City Derby? Sheffield United
86%
Who is the current manager of Sheffield Wednesday? Danny Röhl
83%
Who is Sheffield Wednesday’s record signing, arriving from Middlesbrough for £8m in 2017? Jordan Rhodes
69%
Who scored an extra time stoppage time winner for Sheffield Wednesday as they beat Barnsley 1-0 in the 2023 EFL League One Play-Off Final? Josh Windass
67%
Who is Sheffield Wednesday’s record sale, joining Reading for £6.57m in 2019? Lucas João
61%
What is the Sheffield Wednesday club motto, which translates into English as “By Wisdom and Courage”? Consilio et Animis
44%
Who scored the winning goal as Sheffield Wednesday beat Manchester United to win the 1991 Rumbelows Cup Final, becoming the most recent team outside the top flight to win an English major honour? John Sheridan
44%
Which Sheffield Wednesday player set the record for the fastest sending off in British league football history when he was red carded after just 13 seconds in 2000? Kevin Pressman
31%
Which club did Sheffield Wednesday face in the Quarter-Finals of the 1961/62 Inter-Cities Fairs Cup, their most successful European campaign to date? FC Barcelona
28%
Which Scotsman is Sheffield Wednesday’s record appearance-maker with 546? Andrew Wilson
25%
Which Scotsman is Sheffield Wednesday’s record goalscorer with 217? Andrew Wilson
25%
Who is Sheffield Wednesday’s longest-serving manager, winning two First Division titles and two FA Cups during his 29 years in charge? Arthur Dickinson
6%
No matching quizzes found
Score Distribution
Percent of People with Each Score
Percentile by Number Answered
Your Score History
You have not taken this quiz